038_ Personnalités nées un 7 février par images - Statistiques

Statistiques générales
  • Ce quiz a été pris 38 fois
  • Le résultat moyen est 4 sur 9
Statistiques - réponses
Par images Hint Réponse % Correct
Animateur Julien Courbet
86%
Pilote Automobile Pierre Gasly
71%
Youtubeur Rémi Gaillard
71%
Animateur et Streameur Monsieur Poulpe
69%
Chanteuse Jain
43%
Chanteuse Juliette Gréco
29%
Basketteur Mickaël Piétrus
6%
Écrivain Charles Dickens
0%
Nageuse Kristin Otto
0%
Aucun quiz correspondant
Distribution des résultats
% des personnes avec chaque résultat
Percentile par nombre de réponses
Votre historique - résultats
Vous n’avez pas pris ce quiz